Statistics for Sgt. Pepper

Click here to take the quiz!

General Stats

  • This quiz has been taken 56 times
    (16 since last reset)
  • The average score is 29 of 64

Answer Stats

HintAnswer% Correct
Favourite bandThe Beatles
90%
Best stream moderator, objectivelyAzureOcean
80%
First stream subscriberAzureOcean
80%
Stream CurrencyChevrons
80%
Acceptable languages in stream chatEnglish
80%
The game Pepper was playing when he got partnershipFarming Simulator 15
80%
What he has on his headHat
80%
His worst nightmareHat flies off
80%
Favourite truck brandScania
80%
Favourite beverage"Water"
80%
Are people who do work on the farming server paid well?Yes, of course!
80%
Bikini ______Betty
70%
Person who created the creepy face sheetNetworkcomputer
70%
Teamspeak channel passwordpepper
70%
Best dinosaur in ARKphiomia
70%
pepperLurk's predecessorSola Mode
70%
#ColourWars#TeamIDKGreenLikePepperIGuess
70%
Ocean stream?Yes
70%
Best games Pepper has ever streamedBarbie Dreamhouse Party
60%
TruckersMP admins from the communityCentralProcessingCat
60%
His daily stream greetingsGood morning, afternoon, and evening!
60%
His daily stream greetingsHello, hello Discord (Teamspeak)!
60%
Mazokki's old nameMazokki (it was the original!)
60%
Number of months it took to get Twitch partnered9
50%
His worst nightmareConsole command save that causes a pileup on the motorway - https://www.youtube.com/watch?v=YQl_W5CIlN0
50%
Person known for their laughCupCake
50%
TruckersMP admins from the communityMax_Power__ (ret.)
50%
Emotes that have been changed or reuploadedpepperFail
50%
What locks from the outside?shed
50%
Best game Pepper has yet to streamShower With Your Dad Simulator 2015: Do You Still Shower With Your Dad
50%
AzureOcean's favourite video game (we think, anyway)Skyrim
50%
Canadian fast food chain located all over the city Pepper lives inTim Hortons
50%
Superpowers of his catsflying
40%
Siblingsilike2mow
40%
Coolest giveaway that never wasLogitech G27 Steering Wheel - https://i.imgur.com/BtrfyrS.png
40%
This moderator waddled awayMrDucky97
40%
Emotes that have been changed or reuploadedpepper7
40%
Emotes that have been changed or reuploadedpepperOcean
40%
Acceptable languages in stream chatSarcasm
40%
#ColourWars#TeamFirebrick
40%
SiblingsBirdhouseman104
30%
TruckersMP admins from the communityEl1teZombiezHD
30%
"Lee"sInsaneLee13
30%
"Lee"sLumaLee
30%
Least favourite wordsmoist
30%
Emotes that have been changed or reuploadedpepperOP
30%
Most important tasks on the farmPower washing
30%
Acceptable languages in stream chatSamlish
30%
#ColourWars#TeamBluesCrew
30%
Coolest giveaway that actually wasCross-stitched badges made by Woopdecker
20%
Superpowers of his catsinvisibility
20%
"Lee"sJLeeuwenburgh
20%
Bikini ______Netty
20%
Best games Pepper has ever streamedChristmas Shopper Simulator
10%
Person who came up with the acronym "S.PLH"ImpassiveKilljoy
10%
First stream subscriberNot ROFLdld
10%
Most important tasks on the farmPlowing
10%
TruckersMP admins from the communityPrime
10%
#ColourWars#TeamGoldenNoodles
10%
Least favourite wordsbitrate
0%
Best animaldonkey
0%
Best type of cakejaffa cake
0%
The one thing he does exceptionally wellKeep up with social media, especially Facebook.
0%
His worst nightmareSpiders
0%

Score Distribution

Percentile by Number Answered

Percent of People with Each Score

Your Score History

You have not taken this quiz since the last reset